Marketing vo farmaceutickom priemysle bakalárska práca

Salvato in:
Dettagli Bibliografici
Autore principale: Katjalová, Veronika
Ente Autore: Obchodná fakulta EU. Katedra služieb a cestovného ruchu - zrušené
Altri autori: Bosá, Sabina
Natura: Libro
Lingua:slovacco
Pubblicazione: Bratislava 2014
Tags: Aggiungi Tag
Nessun Tag, puoi essere il primo ad aggiungerne!!

MARC

LEADER 00000nbm a2200000 4500
001 0191712
005 20170201100304.1
041 0 |a slo 
044 |a SK 
245 1 0 |a Marketing vo farmaceutickom priemysle  |b bakalárska práca  |c Veronika Katjalová ; školiteľ: Sabina Bosá 
264 1 |a Bratislava  |c 2014 
300 |a 58 s. 
100 1 |a Katjalová, Veronika 
700 1 |a Bosá, Sabina 
710 2 |a Obchodná fakulta EU. Katedra služieb a cestovného ruchu - zrušené